| 000 | 00606nam a2200157Ia 4500 | ||
|---|---|---|---|
| 008 | 151213s9999 xx 000 0 und d | ||
| 100 | _aমাও : ক্বারী মো: হাসান | ||
| 245 |
_aকাসাসুল আ¤িয়া _cমাও : ক্বারী মো: হাসান |
||
| 250 | _a১,২,৩ ( ং) | ||
| 260 |
_aঢাকা _bসিদ্দিকিয়া পাবলিকেশ¯œ _c2004 |
||
| 300 | _a10962 p. | ||
| 650 | _aBangla | ||
| 650 | _aইসলামী বই | ||
| 700 | _aমাও : ক্বারী মো: হাসান | ||
| 999 |
_c4934 _d4934 |
||